El diseño industrial y su estética / (Record no. 21535)
[ view plain ]
| 000 -CABECERA | |
|---|---|
| campo de control de longitud fija | 01035nam a2200277 4500 |
| 003 - IDENTIFICADOR DEL NÚMERO DE CONTROL | |
| campo de control | OSt |
| 005 - FECHA Y HORA DE LA ÚLTIMA TRANSACCIÓN | |
| campo de control | 20260601193843.0 |
| 008 - DATOS DE LONGITUD FIJA--INFORMACIÓN GENERAL | |
| campo de control de longitud fija | 260420b1973 sp a|||| |||| 00| 0 spa d |
| 040 ## - FUENTE DE LA CATALOGACIÓN | |
| Centro catalogador/agencia de origen | ICI |
| Lengua de catalogación | spa |
| Centro/agencia transcriptor | ICI |
| 050 ## - SIGNATURA TOPOGRÁFICA DE LA BIBLIOTECA DEL CONGRESO | |
| Número de clasificación | TS171 |
| Número de documento/Ítem | D65 1977 |
| 100 #1 - ENTRADA PRINCIPAL--NOMBRE DE PERSONA | |
| Nombre de persona | Dorfles, Gillo, |
| Fechas asociadas al nombre | 1910- |
| 9 (RLIN) | 31081 |
| 240 #1 - TÍTULO UNIFORME | |
| Título uniforme | II Disegno industriale e la sua estetica |
| Lenguaje de la obra | Español |
| 245 #1 - MENCIÓN DE TÍTULO | |
| Título | El diseño industrial y su estética / |
| Mención de responsabilidad, etc. | Gillo dorfles ; traducción de j. m. García de la Mora ; prólogo de alexandre cirici |
| 250 ## - MENCIÓN DE EDICIÓN | |
| Mención de edición | segunda edición |
| 264 ## - PRODUCCIÓN, PUBLICACIÓN, DISTRIBUCIÓN, FABRICACIÓN Y COPYRIGHT | |
| Nombre del de productor, editor, distribuidor, fabricante | Editorial Labor, |
| Fecha de producción, publicación, distribución, fabricación o copyright | 1973 |
| Producción, publicación, distribución, fabricación y copyright | Barcelona : |
| 300 ## - DESCRIPCIÓN FÍSICA | |
| Extensión | 147 páginas |
| 336 ## - TIPO DE CONTENIDO | |
| Término de tipo de contenido | texto |
| Fuente | rdacontent |
| 337 ## - TIPO DE MEDIO | |
| Nombre/término del tipo de medio | sin medio |
| Fuente | rdamedia |
| 338 ## - TIPO DE SOPORTE | |
| Nombre/término del tipo de soporte | volumen |
| Fuente | rdacarrier |
| 490 #0 - MENCIÓN DE SERIE | |
| Mención de serie | Nueva colección Labor. serie siena : arte |
| 650 ## - PUNTO DE ACCESO ADICIONAL DE MATERIA--TÉRMINO DE MATERIA | |
| Término de materia o nombre geográfico como elemento de entrada | Diseño industrial |
| 700 #1 - PUNTO DE ACCESO ADICIONAL--NOMBRE DE PERSONA | |
| Nombre de persona | Cirici, Alexandre, |
| Fechas asociadas al nombre | 1914- |
| Término indicativo de función/relación | prologuista |
| 9 (RLIN) | 31082 |
| 700 ## - PUNTO DE ACCESO ADICIONAL--NOMBRE DE PERSONA | |
| Nombre de persona | Garcia de la Mora, J. M., |
| Término indicativo de función/relación | traductor |
| 9 (RLIN) | 31083 |
| 700 #1 - PUNTO DE ACCESO ADICIONAL--NOMBRE DE PERSONA | |
| Nombre de persona | Dorfles, Gillo, |
| Fechas asociadas al nombre | 1910- |
| Título de la obra | Disegno industriale e la sua estetica |
| Información de relación/Frase instructiva de referencia | Traducción de: |
| 9 (RLIN) | 31084 |
| 942 ## - ELEMENTOS DE PUNTO DE ACCESO ADICIONAL (KOHA) | |
| Fuente del sistema de clasificación o colocación | Library of Congress Classification |
| Tipo de ítem Koha | Libros |
| Estado de retiro | Estado de pérdida | Fuente del sistema de clasificación o colocación | Estado dañado | No para préstamo | Localización permanente | Ubicación/localización actual | Fecha de adquisición | Total de préstamos | Signatura topográfica completa | Código de barras | Fecha visto por última vez | Número de copia | Precio válido a partir de | Tipo de ítem Koha |
|---|---|---|---|---|---|---|---|---|---|---|---|---|---|---|
| El ejemplar forma parte de la colección y puede ser consultado según las políticas vigentes. | Library of Congress Classification | Biblioteca de Diseño Museo Franz Mayer | Biblioteca de Diseño Museo Franz Mayer | 20/04/2026 | TS171 D65 1977 | BDIMFM000810 | 20/04/2026 | Ej. 1 | 20/04/2026 | Libros |